| 000 | 02374nam a2200385 c 4500 | ||
|---|---|---|---|
| 001 | 59600 | ||
| 003 | CO-BoRNBP | ||
| 005 | 20251023163032.0 | ||
| 007 | ta | ||
| 008 | 250131s2024 ck a|||br||| 00010psspa d | ||
| 020 | _a9786287729339 | ||
| 040 |
_aCO-BoRNBP _bspa _erda _cCO-BoRNBP |
||
| 041 | 0 | _aspa | |
| 043 | _as-ck--- | ||
| 084 | _aP | ||
| 245 | 0 | 0 |
_aLlevo agua dentro de mi / _cescritas por niños de la Institución Educativa Antonio Lizarazo sede Rosa Zárate de Peña, Fundación Manuelita, Palmira, Valle del Cauca ; selección, prólogo y notas Horacio Benavides ; ilustraciones Luz Arango Restrepo :adivinanzas. |
| 250 | _aEdición especial | ||
| 264 | 1 |
_aBogotá, Colombia : _bSílaba, _c2024 |
|
| 300 |
_a70 páginas : _bilustraciones a color |
||
| 336 |
_atexto _btxt _2rdacontenido |
||
| 337 |
_asin mediación _bn _2rdamedio |
||
| 338 |
_avolumen _bnc _2rdasoporte |
||
| 500 | _aIncluye índice de autores, ilustradores y respuestas | ||
| 520 | _aLas adivinanzas del libro Llevo agua dentro de mí fueron creadas por niños de la Institución Educativa Antonio Lizarazo sede Rosa Zárate de Peña, de los grados tercero, cuarto y quinto. Tuvimos tres encuentros con ellos, en los que conocieron adivinanzas de nuestra tradición popular, adivinanzas de otras culturas y tiempos; plantearon las que conocían, y escribieron sus propias adivinanzas. Entre encuentro y encuentro dejamos intervalos, pensando en que los textos fueran interiorizados por los niños, formando en ellos matrices que les permitieran crear las suyas. De un total de 199 niños realizamos una selección de 104 adivinanzas, lo que corresponde a más de la mitad de los participantes. Como el lector podrá notar se trata, en primer lugar, de adivinanzas y, en algunos casos, de excepcionales adivinanzas | ||
| 521 | _ahttps://silaba.com.co/libro/llevo-agua-dentro-de-mi-adivinanzas/ | ||
| 650 | 0 | 7 |
_aAdivinanzas _2LEMB _9960 |
| 650 | 0 | 7 |
_aJuegos de Palabras _2LEMB _9962 |
| 650 | 0 | 4 |
_aPoesía infantil colombiana _ySiglo XXI _2LEMB _91772 |
| 650 | 0 | 4 |
_aLiteratura infantil colombiana _ySiglo XXI _2LEMB _9966 |
| 700 |
_aArango Restrepo, Luz _eill _965543 |
||
| 700 |
_aBenavides Zúñiga, Horacio, _d1949- _ewfw _965544 |
||
| 710 | 1 |
_aInstitución Educativa Antonio Lizarazo _965545 |
|
| 830 | _aPlan Nacional de lectura y escritura leer es mi cuento | ||
| 942 |
_2loc _cBKLITI |
||
| 999 |
_c59600 _d59600 |
||